000 01304cam a22003011i 4500
003 SA-RiAUC
005 20250602083448.0
008 250601s1998 le g 000 0 ara c
040 _aSA-JeALM
_bara
_cSA-RiAUC
_erda
082 0 4 _a237.7
_qSA-RiAUC
090 _a237.7
_bص ر ص
100 1 _aالصرصري، سليمان بن عبد القوي بن عبد الكريم،
_d657-716 هجري
_eمؤلف.
245 1 0 _aكتاب التعيين في شرح الأربعين /
_cنجم الدين سليمان بن عبد القوي بن عبد الكريم الطوفي الحنبلي.
246 3 0 _aالتعيين في شرح الأربعين
246 3 0 _aشرح الأربعين
250 _aالطبعة الاولى.
264 1 _aبيروت :
_bمؤسسة الريان،
_c1998
300 _a346 صفحة ؛
_c24 سم
336 _aنص
_btxt
_2rdacontent
_3كتاب
337 _aبدون وسيط
_bn
_2rdamedia
338 _aمجلد
_bnc
_2rdacarrier
650 7 _aالحديث
_xالأربعون حديثا
_2aucsh
650 7 _aالحديث
_xشرح
_2aucsh
650 7 _aالحديث
_xالمسانيد
_2aucsh
700 1 2 _iشِرح لـ (عمل) :
_aالنووي، يحيى بن شرف بن مري،
_d631-676 هجري
942 _2ddc
_cBOOK
_n0
949 _aSA-JeALM
_d250601
_uosman123
_n1
999 _c8637
_d8637